000 00380nam a2200145 i 4500
001 56267
003 ES-MaACL
005 20230906163323.0
007 t|
008 031007s1965 sp ||||1| spa d
245 0 0 _aDiccionario Enciclopédico Bruguer.
260 _aBarcelona :
_bJuan Bruguer,
_c1965.
300 _a4 v. :
_bil. ;
_c22 cm.
852 _aES-MaACL
_jF-1993-6
_bR.57111
999 _c56267
_d56267